5HLuxD.jpg

KING HENRY VIII SENIOR AND PRIMARY SCHOOL LIBRARY OPAC

The big three in economics : (Record no. 226)

000 -LEADER
fixed length control field 01606cam a2200337 a 4500
001 - CONTROL NUMBER
control field 14420769
003 - CONTROL NUMBER IDENTIFIER
control field OSt
005 - DATE AND TIME OF LATEST TRANSACTION
control field 20190802081510.0
008 - FIXED-LENGTH DATA ELEMENTS--GENERAL INFORMATION
fixed length control field 060620s2007 nyua b 001 0ceng
010 ## - LIBRARY OF CONGRESS CONTROL NUMBER
LC control number 2006020466
020 ## - INTERNATIONAL STANDARD BOOK NUMBER
International Standard Book Number 0765616947 (cloth : alk. paper)
020 ## - INTERNATIONAL STANDARD BOOK NUMBER
International Standard Book Number 9780765616944
040 ## - CATALOGING SOURCE
Original cataloging agency DLC
Transcribing agency DLC
Modifying agency DLC
082 00 - DEWEY DECIMAL CLASSIFICATION NUMBER
Classification number 330.150 SKO
Edition number 22
100 1# - MAIN ENTRY--PERSONAL NAME
Personal name Skousen, Mark.
Relator term author
245 14 - TITLE STATEMENT
Title The big three in economics :
Remainder of title Adam Smith, Karl Marx, and John Maynard Keynes /
Statement of responsibility, etc. Mark Skousen.
260 ## - PUBLICATION, DISTRIBUTION, ETC.
Place of publication, distribution, etc. Armonk, New York
Name of publisher, distributor, etc. M.E. Sharpe,
Date of publication, distribution, etc. c2007.
300 ## - PHYSICAL DESCRIPTION
Extent xi, 243 p. :
Other physical details ill. ;
Dimensions 24 cm.
504 ## - BIBLIOGRAPHY, ETC. NOTE
Bibliography, etc. note Includes bibliographical references (219-230) and index.
505 0# - FORMATTED CONTENTS NOTE
Formatted contents note Adam Smith declares an economic revolution in 1776 -- From Smith to Marx: the rise and fall of classical economics -- Karl Marx leads a revolt against capitalism -- From Marx to Keynes: scientific economics comes of age -- John Maynard Keynes: capitalism faces its greatest challenge -- Conclusion: has Adam Smith triumphed over Marx and Keynes?.
600 10 - SUBJECT ADDED ENTRY--PERSONAL NAME
Personal name Smith, Adam,
Dates associated with a name 1723-1790.
600 10 - SUBJECT ADDED ENTRY--PERSONAL NAME
Personal name Marx, Karl,
Dates associated with a name 1818-1883.
600 10 - SUBJECT ADDED ENTRY--PERSONAL NAME
Personal name Keynes, John Maynard,
Dates associated with a name 1883-1946.
650 #0 - SUBJECT ADDED ENTRY--TOPICAL TERM
Topical term or geographic name entry element Economists
General subdivision History.
650 #0 - SUBJECT ADDED ENTRY--TOPICAL TERM
Topical term or geographic name entry element Economics
General subdivision Philosophy.
650 #0 - SUBJECT ADDED ENTRY--TOPICAL TERM
Topical term or geographic name entry element Economists
Form subdivision Biography.
856 41 - ELECTRONIC LOCATION AND ACCESS
Materials specified Table of contents only
Uniform Resource Identifier <a href="http://www.loc.gov/catdir/toc/ecip0615/2006020466.html">http://www.loc.gov/catdir/toc/ecip0615/2006020466.html</a>
906 ## - LOCAL DATA ELEMENT F, LDF (RLIN)
a 7
b cbc
c orignew
d 1
e ecip
f 20
g y-gencatlg
942 ## - ADDED ENTRY ELEMENTS (KOHA)
Source of classification or shelving scheme
Koha item type Books - Non Ficton
Holdings
Withdrawn status Lost status Source of classification or shelving scheme Damaged status Not for loan Collection code Permanent Location Current Location Shelving location Date acquired Full call number Barcode Date last seen Price effective from Koha item type
          Non-Fiction KH8 Senior School Library KH8 Senior School Library Non Fiction 2019-08-02 330.150 SKO 3KHSL000100031 2019-08-02 2019-08-02 Books - Non Ficton

Powered By KH8 IT Dept